[Event "Uppsala GM 2019"]
[Site "Uppsala"]
[Date "2019.10.28"]
[Round "5.2"]
[White "Wahlund, Max"]
[Black "Peng, Li Min"]
[Result "0-1"]
[WhiteElo "2176"]
[BlackElo "2454"]
[Annotator "ChessBase"]
[PlyCount "58"]
[EventDate "2019.10.25"]
[EventType "tourn"]
[EventCountry "SWE"]
[SourceTitle "playchess.com"]
[Source "ChessBase"]
[SourceQuality "1"]
[TimeControl "5400+30"]

1. d4 {[%emt 0:00:00]} Nf6 {[%emt 0:10:03]} 2. c4 {[%emt 0:00:00]} e6 {[%emt 0:00:51]} 3. Nc3 {[%emt 0:00:00]} Bb4 {[%emt 0:00:20]} 4. e3 {[%emt 0:00:19]} O-O {[%emt 0:00:06]} 5. Nge2 {[%emt 0:00:04]} d5 {[%emt 0:00:40]} 6. a3 {[%emt 0:00:06]} Bd6 {[%emt 0:00:07]} 7. cxd5 exd5 {[%emt 0:00:04]} 8. Ng3 {[%emt 0:00:20]} c5 {[%emt 0:01:30]} 9. Be2 {[%emt 0:01:25]} cxd4 {[%emt 0:00:44]} 10. exd4 {[%emt 0:00:33]} Nc6 {[%emt 0:00:14]} 11. b4 {[%emt 0:01:45]} a6 {[%emt 0:09:24]} 12. O-O {[%emt 0:00:13]} b5 {[%emt 0:00:05]} 13. Bg5 {[%emt 0:03:06]} Be6 {[%emt 0:00:16]} 14. f4 {[%emt 0:05:55]} h6 {[%emt 0:09:58]} 15. Bh4 {[%emt 0:03:35]} Be7 {[%emt 0:05:43]} 16. f5 {[%emt 0:00:38]} Bd7 {[%emt 0:00:01]} 17. Kh1 {[%emt 0:03:46]} Qb8 {[%emt 0:09:28]} 18. Qd2 {[%emt 0:09:03]} Rd8 {[%emt 0:02:07]} 19. Rad1 {[%emt 0:08:03]} Qd6 {[%emt 0:08:33]} 20. Bf3 {[%emt 0:09:29]} Nh7 {[%emt 0:00:02]} 21. f6 {[%emt 0:10:01]} Bxf6 {[%emt 0:00:59]} 22. Bxd5 {[%emt 0:01:53]} Bxh4 {[%emt 0:05:06]} 23. Nge4 {[%emt 0:00:05]} Qc7 {[%emt 0:02:56]} 24. Rxf7 {[%emt 0:04:35]} Kh8 {[%emt 0:00:15]} 25. Be6 {[%emt 0:08:56]} Ng5 {[%emt 0:05:47]} 26. Nxg5 {[%emt 0:03:35]} Bxg5 {[%emt 0:00:03]} 27. Qd3 {[%emt 0:00:58]} Ne7 {[%emt 0:03:26]} 28. Nd5 {[%emt 0:02:54]} Qd6 {[%emt 0:00:01]} 29. Nxe7 {[%emt 0:03:43]} Bxe6 {[%emt 0:25:41]} 0-1

[Event "Uppsala GM 2019"]
[Site "Uppsala"]
[Date "2019.10.28"]
[Round "5.3"]
[White "Mirzoev, Emil"]
[Black "Naumkin, Igor"]
[Result "1/2-1/2"]
[WhiteElo "2455"]
[BlackElo "2385"]
[Annotator "TA"]
[PlyCount "61"]
[EventDate "2019.10.25"]
[EventType "tourn"]
[EventCountry "SWE"]
[SourceTitle "playchess.com"]
[Source "ChessBase"]
[SourceQuality "1"]

{[%evp 9,61,-24,9,0,2,0,54,56,82,50,52,52,56,4,20,16,47,15,44,25,34,6,9,0,0,-8,0,0,0,0,12,0,0,0,0,0,0,-36,-26,-32,0,0,12,0,0,0,0,0,0,0,0,0,0,0]} 1. e4 e5 2. Nf3 Nc6 3. d4 exd4 4. Nxd4 Bc5 5. Nf5 Qf6 (5... d5 {is interesting.} 6. Nxg7+ Kf8 7. Nh5 Qh4 8. Ng3 Nf6) 6. Nc3 {Strongly threatening Nd5. C45: Scotch Game} Nge7 7. Be3 Bxe3 (7... Bb4 $11) (7... d6 8. Bxc5 dxc5 9. Nxe7 Qxe7 10. Bb5 Bd7 11. O-O O-O-O 12. Re1 Nd4 13. Nd5 Qd6 14. Bxd7+ Rxd7 {½-½ (41) Bortnyk,M (2432)-Khaetsky,R (2381) Lutsk 2018}) 8. Nxe3 $14 {White is slightly better.} O-O 9. Bd3 a6 $146 ({Predecessor:} 9... Ne5 10. O-O c6 11. f4 Nxd3 12. Qxd3 Ng6 13. Ng4 Qh4 {0-1 (37) Russo,M-Vannelli,V Italy 1996}) 10. O-O d6 11. Ned5 ({White should play} 11. f4 $14) 11... Nxd5 $11 12. Nxd5 Qd8 13. Qd2 Be6 14. Ne3 Ne5 15. f4 Nxd3 16. Qxd3 f6 17. Rad1 Qd7 18. c4 Qc6 19. b3 Rae8 20. Nd5 Bxd5 21. Qxd5+ Qxd5 22. exd5 {[%mdl 4096] Endgame KRR-KRR} Re2 23. Rf2 (23. Rfe1 {seems wilder.} Rxa2 24. Re7 Rb2 25. Rde1 Rf7 26. Re8+) 23... Rfe8 24. Kf1 Rxf2+ (24... R2e4 {with more complications.} 25. g3 Kf7 26. Rc2 Kg6 27. c5 h5) 25. Kxf2 $15 {KR-KR. The position is equal.} a5 26. a4 b6 27. Re1 Rxe1 28. Kxe1 f5 29. Ke2 Kf7 30. Ke3 Ke7 31. h3 {Accuracy: White = 48%, Black = 59%.} 1/2-1/2

[Event "Uppsala GM 2019"]
[Site "Uppsala"]
[Date "2019.10.28"]
[Round "5.4"]
[White "Kenneskog, Theodor"]
[Black "Bogdanov, Egor"]
[Result "1/2-1/2"]
[WhiteElo "2278"]
[BlackElo "2409"]
[Annotator "NA"]
[PlyCount "62"]
[EventDate "2019.10.25"]
[EventType "tourn"]
[EventCountry "SWE"]
[SourceTitle "playchess.com"]
[Source "ChessBase"]
[SourceQuality "1"]
[TimeControl "5400+30"]

{[%evp 26,57,106,66,71,69,85,63,72,59,71,63,65,81,70,72,53,74,64,47,57,67,62,62,67,11,11,12,11,8,12,14,18,10]} 1. d4 {[%emt 0:00:00]} Nf6 {[%emt 0:05:49]} 2. c4 {[%emt 0:00:00]} g6 {[%emt 0:00:25]} 3. Nc3 {[%emt 0:00:00]} Bg7 {[%emt 0:00:16]} 4. e4 {[%emt 0:00:00]} O-O {[%emt 0:00:05]} 5. f3 {[%emt 0:00:13]} d6 {[%emt 0:00:09]} 6. Nge2 {[%emt 0:00:05]} Nc6 {[%emt 0:01:11]} 7. Be3 {[%emt 0:00:06]} a6 {[%emt 0:01:11]} 8. Qd2 {[%emt 0:00:09]} Rb8 {[%emt 0:00:31]} 9. Rc1 {[%emt 0:00:07]} Bd7 {[%emt 0:01:18]} 10. b3 {[%emt 0:00:08]} e6 {[%emt 0:00:49] E84: King's Indian: Sämisch Panno: 7 Nge2 a6 8 Qd2 Rb8} 11. g3 {[%emt 0:04:27]} Ne8 $146 {[%emt 0:01:26]} ({Predecessor:} 11... b5 12. cxb5 axb5 13. Bg2 e5 14. O-O exd4 15. Nxd4 Nxd4 16. Bxd4 c5 17. Bf2 b4 18. Ne2 {1-0 (45) Kovalenko,I (2586)-Goganov,A (2550) Moscow 2013}) 12. Bg2 {[%emt 0:01:41]} f5 {[%emt 0:00:35]} 13. d5 {[%emt 0:02:51]} Ne5 {[%emt 0:05:36]} 14. exf5 {[%emt 0:14:50]} exf5 {[%emt 0:01:01]} 15. O-O {[%emt 0:00:09]} Nf6 {[%emt 0:04:23]} 16. Nd4 {[%emt 0:08:06]} Re8 {[%emt 0:00:54]} 17. Rfe1 {[%emt 0:00:58]} Qc8 {[%emt 0:06:54]} 18. h3 {[%emt 0:06:07]} c5 {[%emt 0:04:58]} 19. dxc6 $1 {[%emt 0:00:43]} bxc6 {[%emt 0:00:31]} 20. f4 {[%emt 0:07:26]} Nf7 {[%emt 0:01:47]} 21. Bf2 {[%emt 0:00:06]} Qc7 {[%emt 0:05:37]} 22. Rxe8+ {[%emt 0:01:17]} Rxe8 {[%emt 0:01:56]} 23. Re1 {[%emt 0:00:16]} Qc8 {[%emt 0:05:56]} 24. Rxe8+ {[%emt 0:07:06]} Qxe8 {[%emt 0:00:23]} 25. Qe1 {[%emt 0:00:49]} Qxe1+ {[%emt 0:05:22]} 26. Bxe1 {[%emt 0:00:06]} d5 {[%emt 0:01:34]} 27. cxd5 {[%emt 0:06:48]} Nxd5 {[%emt 0:01:03]} 28. Nde2 {[%emt 0:00:38]} Nb4 {[%emt 0:00:17]} 29. Bf2 $11 {[%emt 0:01:13]} Bf8 {[%emt 0:10:54]} 30. Nc1 {[%emt 0:02:33]} Nd6 {[%emt 0:03:49]} 31. Bc5 {[%emt 0:08:43]} Nb7 {[%emt 0:02:57]} 1/2-1/2

[Event "Uppsala GM 2019"]
[Site "Uppsala"]
[Date "2019.10.28"]
[Round "5.5"]
[White "Pavlov, Sergey"]
[Black "Ernst, Thomas"]
[Result "1-0"]
[WhiteElo "2485"]
[BlackElo "2328"]
[Annotator "TA"]
[PlyCount "45"]
[EventDate "2019.10.25"]
[EventType "tourn"]
[EventCountry "SWE"]
[SourceTitle "playchess.com"]
[Source "ChessBase"]
[SourceQuality "1"]

{[%evp 12,45,45,30,81,80,100,102,103,80,130,131,143,136,143,143,161,158,163,114,114,111,109,93,182,178,168,163,197,191,207,208,321,314,316,310]} 1. c4 c5 2. Nf3 Nc6 3. d4 cxd4 4. Nxd4 Nf6 5. Nc3 e6 6. Bf4 Bc5 7. Ndb5 {[#] Nc7+ is the strong threat.} e5 {A33: Symmetrical English: 2 Nf3 Nf6 3 d4 cxd4 4 Nxd4 e6 5 Nc3 Nc6} (7... O-O $11) (7... O-O 8. Bd6 Bxd6 9. Nxd6 Ne8 10. e3 Qb6 11. Rb1 Ne5 12. Nxe8 Rxe8 13. Qd4 Qxd4 14. exd4 Nc6 15. Nb5 Rd8 16. Rd1 b6 17. Be2 a6 {1-0 (54) Nenezic,M (2515)-Dimitrov,R (2534) Skopje 2018}) 8. Be3 $16 Bxe3 9. Nd6+ Kf8 {Threatens to win with ...Bd4.White is better.} 10. fxe3 g6 11. g3 Kg7 12. Bg2 Ne8 13. O-O Nxd6 14. Qxd6 Qe7 15. Qxe7 $146 ({Predecessor:} 15. Rad1) 15... Nxe7 16. Rad1 Rd8 17. Nb5 Nf5 (17... d5 $16) 18. Nd6 $18 Nxd6 19. Rxd6 f5 20. e4 fxe4 21. Bxe4 Rf8 {[#]} (21... Rb8 $142 22. Bd5 Rf8) 22. Bxb7 $1 {[%mdl 512]} Rxf1+ (22... Bxb7 23. Rxd7+) 23. Kxf1 1-0

[Event "Uppsala GM 2019"]
[Site "Uppsala"]
[Date "2019.10.28"]
[Round "6.1"]
[White "Ernst, Thomas"]
[Black "Kovalev, Andrei"]
[Result "1/2-1/2"]
[WhiteElo "2328"]
[BlackElo "2511"]
[Annotator "RC"]
[PlyCount "68"]
[EventDate "2019.10.25"]
[EventType "tourn"]
[EventCountry "SWE"]
[SourceTitle "playchess.com"]
[Source "ChessBase"]
[SourceQuality "1"]
[TimeControl "5400+30"]

1. e4 {[%emt 0:00:00]} c5 {[%emt 0:00:00]} 2. Nf3 {[%emt 0:00:00]} e6 {[%emt 0:00:06]} 3. d4 {[%emt 0:00:00]} cxd4 {[%emt 0:00:05]} 4. Nxd4 {[%emt 0:00:00]} a6 {[%emt 0:00:06]} 5. Bd3 {[%emt 0:00:14]} Nf6 {[%emt 0:00:45]} 6. O-O {[%emt 0:00:15]} e5 {[%emt 0:00:25]} 7. Nf3 {[%emt 0:04:35]} d6 {[%emt 0:10:53]} 8. c4 {[%emt 0:00:11]} Bg4 {[%emt 0:04:31]} 9. Nc3 {[%emt 0:00:33]} Nc6 {[%emt 0:01:09]} 10. Be3 {[%emt 0:00:39]} Be7 {[%emt 0:07:44]} 11. h3 {[%emt 0:21:02]} Bh5 {[%emt 0:00:36]} 12. Nd5 {[%emt 0:02:21]} Rc8 {[%emt 0:05:24]} 13. Re1 {[%emt 0:08:37]} O-O {[%emt 0:04:27]} 14. Rc1 {[%emt 0:04:53]} Nd7 {[%emt 0:10:10]} 15. g4 {[%emt 0:02:56]} Bg6 {[%emt 0:00:09]} 16. b4 {[%emt 0:00:12]} Nf6 {[%emt 0:04:46]} 17. Qd2 {[%emt 0:08:09]} h5 {[%emt 0:07:47]} 18. Nxf6+ {[%emt 0:06:25]} Bxf6 {[%emt 0:00:11]} 19. g5 {[%emt 0:00:23]} Be7 {[%emt 0:00:11]} 20. a3 {[%emt 0:03:16]} Nd4 {[%emt 0:10:08]} 21. Bxd4 {[%emt 0:06:25]} exd4 {[%emt 0:00:08]} 22. Kh2 {[%emt 0:00:34]} b5 {[%emt 0:02:34]} 23. cxb5 {[%emt 0:05:35]} Rxc1 {[%emt 0:01:01]} 24. Qxc1 {[%emt 0:03:48]} axb5 {[%emt 0:00:09]} 25. Bxb5 {[%emt 0:00:23]} d5 {[%emt 0:05:26]} 26. e5 {[%emt 0:01:25]} Be4 {[%emt 0:03:38]} 27. Nxd4 {[%emt 0:00:11]} Bxg5 {[%emt 0:01:13]} 28. f4 {[%emt 0:00:07]} Bh4 {[%emt 0:03:15]} 29. Rf1 {[%emt 0:01:04]} Qb6 {[%emt 0:02:28]} 30. Qc5 {[%emt 0:02:03]} Qg6 {[%emt 0:01:20]} 31. Rg1 {[%emt 0:00:09]} Qh6 {[%emt 0:00:10]} 32. Rf1 {[%emt 0:00:19]} Qg6 {[%emt 0:04:51]} 33. Rg1 {[%emt 0:00:12]} Qh6 {[%emt 0:00:11]} 34. Rf1 {[%emt 0:00:15]} Qg6 {[%emt 0:06:30]} 1/2-1/2

[Event "Uppsala GM 2019"]
[Site "Uppsala"]
[Date "2019.10.28"]
[Round "6.2"]
[White "Pavlov, Sergey"]
[Black "Kenneskog, Theodor"]
[Result "1-0"]
[WhiteElo "2485"]
[BlackElo "2278"]
[Annotator "TA"]
[PlyCount "99"]
[EventDate "2019.10.25"]
[EventType "tourn"]
[EventCountry "SWE"]
[SourceTitle "playchess.com"]
[Source "ChessBase"]
[SourceQuality "1"]

{[%evp 12,99,41,21,52,43,39,42,26,40,54,34,31,39,55,40,62,75,55,60,84,60,63,75,166,162,161,176,162,170,167,172,207,210,207,199,234,53,47,22,37,0,0,0,9,0,0,-16,166,149,232,240,464,456,424,189,552,290,222,204,202,203,200,202,193,176,193,193,227,195,208,204,12841,162,161,162,179,177,172,101,102,86,179,156,289,322,307,283,12839,12839]} 1. c4 c5 2. Nf3 Nc6 3. d4 cxd4 4. Nxd4 Qb6 5. Nb3 Nf6 6. Nc3 e6 7. a3 Be7 {A31: Symmetrical English: 2 Nf3 Nf6 3 d4} 8. e4 $1 O-O 9. Be3 Qc7 {White is slightly better.} 10. Be2 b6 11. Rc1 $146 ({Predecessor:} 11. O-O Ba6 12. f4 d6 13. Rc1 Rac8 14. Nd2 Qb8 15. b4 {½-½ (60) Iturrizaga Bonelli,E (2636)-Carow,J (2439) Tegernsee 2018}) 11... Ba6 12. f4 d6 13. Nd2 Rac8 14. b4 {aiming for b5.} Bb7 15. O-O Qb8 16. Bf3 Rfe8 17. Nb3 Nxb4 (17... Bf8 $16) 18. axb4 $18 Rxc4 19. b5 Rec8 20. Qd3 Qc7 {[%cal Rc4c3] [#]} 21. Bd2 $1 a5 22. Na4 d5 {[%cal Rd5e4]} 23. exd5 exd5 {intending ...Ba3.} 24. Be3 $2 (24. Qe3 $18) 24... Ba3 $1 $14 25. Bxb6 Qb8 26. Nc3 (26. Nxa5 Bxc1 27. Nxc4 Rxc4 $17) (26. Ra1 $5 {[%cal Ra1a3]} Rxa4 27. Kh1 $11) 26... Bxc1 27. Rxc1 Qxf4 28. Be3 $36 {[%mdl 2048] White has the initiative.} Qc7 {[%cal Rc4c3]} 29. Bd4 ({Wrong is} 29. Nxd5 $2 Rxc1+ 30. Nxc1 Bxd5 $19) 29... Qf4 $2 (29... Ne4 $11 30. b6 Qd6) 30. Ra1 {[%mdl 1024] White has strong compensation.} Ne4 (30... Rb4 $16 {might work better.} 31. Ne2 Qc7) 31. Ne2 $18 (31. Nxa5 Rxc3 32. Bxc3 Rxc3 $11) 31... Qc7 $2 (31... Qh4 32. g3 Qe7 33. Nxa5 Rb4 34. Nxb7 Qxb7) 32. Nxa5 Rb4 33. b6 (33. Nxb7 $142 Qxb7 34. Bxe4 dxe4 {[#]} 35. Qg3 $1 {[%mdl 512]}) 33... Qb8 $2 (33... Rxb6 {is a better chance.} 34. Bxb6 Qxb6+ 35. Qd4 Qxd4+ 36. Nxd4 Ra8) 34. Nxb7 Qxb7 35. Bxe4 dxe4 {[#]} 36. Qg3 $1 {[%csl Gd4][%cal Rg3g7]} Rxd4 37. Nxd4 Qxb6 38. Qe3 Qb7 39. Nf5 Qb2 40. Re1 {Black must now prevent Ne7+.} Re8 41. Nd6 Re6 $2 (41... Re7 42. Nxe4 Re6) 42. Rd1 $2 (42. Qa7 h6 43. Qxf7+ {[%mdl 64] Double Attack} Kh7 44. Qxe6 Qd4+ 45. Kh1) 42... h6 43. Nf5 ({Stronger than} 43. Nxe4 Qe5 $11) 43... Qe5 44. Rf1 Rf6 45. Qf4 ({White should try} 45. g4 $18) 45... Qc5+ $16 46. Kh1 Qc4 (46... Qb5 $16) 47. Re1 g6 (47... Qb5 $16 {keeps fighting.}) 48. Nxh6+ $18 ({Inferior is} 48. Rxe4 Qb5 $17) 48... Kg7 49. Qe5 e3 $2 {[#]} (49... Qb4 50. Rd1 Qb3) 50. Ng8 $1 {[%mdl 576] Pin. Accuracy: White = 46%, Black = 29%.} 1-0

[Event "Uppsala GM 2019"]
[Site "Uppsala"]
[Date "2019.10.28"]
[Round "6.3"]
[White "Mirzoev, Emil"]
[Black "Wahlund, Max"]
[Result "0-1"]
[WhiteElo "2455"]
[BlackElo "2176"]
[Annotator "TA"]
[PlyCount "91"]
[EventDate "2019.10.25"]
[EventType "tourn"]
[EventCountry "SWE"]
[SourceTitle "playchess.com"]
[Source "ChessBase"]
[SourceQuality "1"]

{[%evp 23,91,48,59,27,25,20,69,38,59,50,101,32,23,36,45,26,35,32,32,36,75,75,75,74,74,73,81,75,73,65,97,91,119,114,147,147,147,147,147,147,225,133,236,204,287,287,287,147,147,0,257,141,239,239,362,362,427,337,337,337,640,642,869,867,1030,1057,1536,1438,29990,29991]} 1. d4 Nf6 2. c4 e6 3. Nc3 d5 4. cxd5 exd5 5. Bg5 Be7 6. e3 O-O 7. Bd3 c6 8. Qc2 Nbd7 9. Nf3 Re8 10. h3 Nf8 11. O-O Nh5 12. Bxe7 Qxe7 13. Ne5 {D36: Queen's Gambit Declined: Exchange Variation: Main line (5 Bg5 c6 6 Qc2)} g6 14. Rae1 Qg5 $146 ({Predecessor:} 14... Ng7 15. f3 Qh4 16. Qf2 Qxf2+ 17. Kxf2 Be6 18. b4 Rad8 19. a4 Nd7 20. Nxd7 Bxd7 {1-0 (54) Volkov,S (2604)-Bezgodov,A (2493) Kolomna 2016}) 15. Qd2 {White is slightly better.} (15. f4 {feels hotter.} Qe7 16. g4 f6 17. Nxg6 hxg6 18. gxh5 Bxh3 19. Rf3) 15... Ng7 ({Don't go for} 15... Bxh3 $2 16. f4 $18) 16. f4 Qh4 (16... Qd8 $14) 17. Qf2 (17. e4 $16) 17... Qxf2+ $14 18. Kxf2 Bf5 {[#] And now ...Rxe5! would win.} 19. Be2 f6 20. Nf3 Re7 21. g4 Be4 22. Nd2 $36 {[%mdl 2048] Keeping Black busy.} f5 23. b4 ({Much weaker is} 23. Ncxe4 fxe4 24. b4 Nfe6 $11) 23... a6 24. a4 Nd7 25. Ncxe4 fxe4 26. Ra1 Ne6 27. Nb3 Ree8 28. h4 Rec8 29. g5 Ng7 30. Rh1 Nf5 31. h5 Kg7 (31... Rc7 $16 32. Bg4 Nf8 33. hxg6 hxg6 34. Bxf5 gxf5) 32. Rh3 ({White should play} 32. Bg4 $18) 32... Nf8 (32... b6 $16 {was called for.} 33. Rah1 Nf8 34. hxg6 hxg6) 33. Bg4 $18 Rc7 (33... b6 {is a better defense.} 34. hxg6 hxg6 35. Bxf5 gxf5) 34. Rah1 Re8 35. Nd2 (35. hxg6 $18 hxg6 36. Bxf5 gxf5 37. Nd2) 35... Nd6 $16 36. Nb3 (36. R3h2 $16) 36... Nc4 $2 {[%mdl 8192]} (36... Nf5 $1 $11) 37. Be2 ({White should try} 37. hxg6 $18 hxg6 38. Be2) 37... b5 (37... Nd6 $16 38. hxg6 hxg6) 38. a5 $18 Ree7 (38... Nd6 {keeps fighting.} 39. hxg6 hxg6) 39. Nc5 Ra7 40. hxg6 hxg6 41. Bg4 Kf7 $2 (41... Nd6 42. Ne6+ Rxe6) 42. Rh8 Nd6 43. R1h6 Nc4 44. f5 gxf5 45. Bxf5 {[#] Threatening mate with Rf6+.} Rec7 46. Rf6+ {[%mdl 32768] Accuracy: White = 60%, Black = 29%. . Loss on time!?} 0-1

[Event "Uppsala GM 2019"]
[Site "Uppsala"]
[Date "2019.10.28"]
[Round "6.4"]
[White "Rydstrom, Tom"]
[Black "Peng, Li Min"]
[Result "0-1"]
[WhiteElo "2322"]
[BlackElo "2454"]
[Annotator "TA"]
[PlyCount "68"]
[EventDate "2019.10.25"]
[EventType "tourn"]
[EventCountry "SWE"]
[SourceTitle "playchess.com"]
[Source "ChessBase"]
[SourceQuality "1"]

{[%evp 20,67,47,42,31,0,38,41,26,36,20,26,43,23,61,0,0,0,0,0,0,-52,-47,-87,-60,-23,0,0,0,-556,-584,-2536,-2528,-2483,-2346,-2023,-1236,-2152,-2054,-2019,-2010,-1551,-1560,-1440,-1299,-1240,-1205,-29989,-29990,-29999]} 1. e4 e6 2. d4 d5 3. Nc3 Bb4 4. e5 Ne7 5. a3 Bxc3+ 6. bxc3 c5 7. Qg4 cxd4 8. Qxg7 Rg8 9. Qxh7 Qc7 10. Ne2 Nbc6 11. f4 ({Reject} 11. cxd4 Nxd4 12. Rb1 Ndf5 $15) 11... dxc3 {C18: French: 3 Nc3 Bb4: Main line: 7 h4 and 7 Qg4} 12. h4 d4 13. h5 Bd7 $1 {White is slightly better.} 14. Qd3 {Threatens to win with Rb1.} O-O-O 15. h6 {aiming for Rb1.} Kb8 (15... Rg6 16. h7 Rh8 17. Nxd4 Nxd4 18. Qxd4 Bc6 {½-½ (40) Kulaots,K (2560)-Radjabov,T (2759) Dortmund 2019}) 16. Rb1 ({But not} 16. h7 $6 Rh8 $16) 16... Bc8 {[#]} 17. Ng3 $146 (17. Kf2 $14) ({Predecessor:} 17. h7 Rh8 18. Ng3 f6 19. exf6 {0-1 (36) Duda,J (2610)-Espinosa Veloz,E (2504) Havana 2015}) 17... f6 $11 18. exf6 Nd5 $1 19. h7 Rh8 20. Rh6 (20. Qg6 $11) 20... e5 $15 {...e4 is the strong threat.} 21. Qg6 $1 {[%cal Rg6g7]} exf4 22. Ne4 Ne3 23. Bxe3 $1 dxe3 24. Bd3 $2 {[%mdl 8192]} (24. Rh5 $1 $11) 24... Ne5 $1 $19 {[%csl LRd3,LRg6][%mdl 64] [#] Double Attack} 25. Qg7 Nxd3+ 26. cxd3 Qa5 {( -> ...c2+)} 27. Ke2 c2 28. Ra1 Qb5 {Hoping for ...Qb2.} 29. f7 Qxd3+ {[%mdl 64] [#] Double Attack} 30. Kf3 Qd1+ 31. Kxf4 c1=Q 32. Rxc1 Qxc1 33. Kf3 Qf1+ 34. Kxe3 Rd3# {Accuracy: White = 48%, Black = 79%.} 0-1

[Event "Uppsala GM 2019"]
[Site "Uppsala"]
[Date "2019.10.28"]
[Round "6.5"]
[White "Naumkin, Igor"]
[Black "Bogdanov, Egor"]
[Result "0-1"]
[WhiteElo "2385"]
[BlackElo "2409"]
[Annotator "TA"]
[PlyCount "68"]
[EventDate "2019.10.25"]
[EventType "tourn"]
[EventCountry "SWE"]
[SourceTitle "playchess.com"]
[Source "ChessBase"]
[SourceQuality "1"]

{[%evp 22,68,33,22,38,29,53,8,64,-21,-22,-22,47,51,67,70,78,53,51,50,37,0,0,4,0,-33,-24,-35,-33,-38,-19,-73,29,27,27,26,169,161,182,184,183,0,0,-10,0,-86,-83,-1060,-1007]} 1. d4 Nf6 2. c4 g6 3. Nc3 Bg7 4. e4 O-O 5. Nf3 d6 6. Be2 e5 7. O-O Nc6 8. d5 Ne7 9. b4 Nh5 10. Re1 f5 11. Ng5 Nf6 12. Bf3 Kh8 {E97: King's Indian: Classical Main Line (6...e5 7 0-0 Nc6): 8 Be3 and 8 d5 Ne7, not 9 Ne1} (12... h6 13. Ne6 Bxe6 14. dxe6 c6 15. b5 fxe4 16. Nxe4 Nxe4 17. Bxe4 d5 18. cxd5 cxd5 19. Ba3 dxe4 20. Qxd8 Rfxd8 21. Bxe7 {½-½ (38) Gozzoli,Y (2596)-Bacrot,E (2699) Nimes 2018}) 13. Rb1 {[#]} Ne8 $146 ({Predecessor:} 13... fxe4 14. Ngxe4 Nf5 15. Bg5 Nxe4 16. Nxe4 Qe8 17. c5 Bd7 18. cxd6 cxd6 19. Bg4 Ba4 20. Qd2 {0-1 (81) Gajewski,G (2581)-Dyachkov,S (2553) Moscow 2009}) 14. h3 Bf6 (14... f4 $11) 15. Ne6 (15. exf5 $14 Nxf5 16. Nge4) 15... Bxe6 $1 $11 16. dxe6 c6 (16... f4 $11) 17. b5 Qc8 18. bxc6 bxc6 19. Ba3 Qxe6 20. Qd3 Rd8 21. Red1 {[%mdl 1024] White has compensation.} Qc8 22. Rb3 Qa6 23. Bb2 Nc7 24. Ra3 Qb7 25. Rb3 Qc8 26. Ra3 (26. Ba3 $11 {keeps the balance.}) 26... d5 (26... Ne6 $17) 27. cxd5 cxd5 28. Nxd5 Ncxd5 (28... fxe4 $1 $11 {and Black is okay.} 29. Nxe7 Rxd3 30. Nxc8 Rxa3 31. Bxa3 Rxc8) 29. exd5 $18 e4 30. Bxf6+ Rxf6 31. Qe3 $2 (31. Qd4 $18 Rdd6 32. Be2 (32. Rxa7 Nc6 $15 {[%mdl 64] Pin})) 31... Nxd5 $11 32. Qg5 $1 {Strongly threatening Rxd5!} Rfd6 {[#]} 33. Be2 (33. Bxe4 $1 $11 {[%mdl 512] remains equal.} Ne3 (33... fxe4 34. Qe5+) 34. Re1) 33... Nc3 $17 34. Rxc3 $4 {[%mdl 8192]} (34. Re1 $17) 34... Rxd1+ {Accuracy: White = 29%, Black = 31%.} 0-1

[Event "Uppsala GM 2019"]
[Site "Uppsala"]
[Date "2019.10.29"]
[Round "7.1"]
[White "Pavlov, Sergey"]
[Black "Rydstrom, Tom"]
[Result "1-0"]
[WhiteElo "2485"]
[BlackElo "2322"]
[Annotator "TA"]
[PlyCount "83"]
[EventDate "2019.10.25"]
[EventType "tourn"]
[EventCountry "SWE"]
[SourceTitle "playchess.com"]
[Source "ChessBase"]
[SourceQuality "1"]

{[%evp 24,83,16,0,2,0,0,0,2,9,10,7,21,20,50,45,23,34,49,45,54,35,124,124,112,109,104,96,88,7,72,0,6,0,0,10,102,95,241,251,368,348,359,260,274,0,345,272,512,513,602,557,959,929,1003,778,908,843,1031,980,2487,2354]} 1. e4 e5 2. Nf3 Nc6 3. Bb5 a6 4. Ba4 Nf6 5. O-O Be7 6. Re1 b5 7. Bb3 d6 8. c3 O-O 9. d4 Bg4 10. Be3 exd4 11. cxd4 Na5 12. Bc2 c5 13. h3 Bh5 {C91: Closed Ruy Lopez: 7...d6 8 c3 0-0 9 d4} 14. g4 Bg6 15. Nbd2 Re8 {The position is equal.} (15... Rc8 16. d5 Nd7 17. Nh2 Bf6 18. Rb1 Re8 19. f4 h6 20. Bf2 Bh4 21. Bxh4 Qxh4 {½-½ (139) Inarkiev,E (2689)-Tomashevsky,E (2713) St Petersburg 2017}) 16. d5 Nd7 17. Nh2 Bf6 18. Rb1 Nc4 19. Nxc4 bxc4 20. Bf4 {[#]} Bd4 $146 ({Predecessor:} 20... Qe7 21. Bg3 {1-0 (61) Emelyanov,M (2527)-Batrakov,A (2517) ICCF email 2015}) 21. Nf3 Ne5 $1 22. Kg2 (22. Bxe5 {looks sharper.} dxe5 23. Qe2 Qf6 24. Nxd4 exd4 25. Qxc4 h5 26. Qe2) 22... h5 (22... Nxf3 $14 23. Qxf3 Rb8) 23. Nxd4 $16 cxd4 24. Qxd4 ({Reject} 24. gxh5 $6 Qh4 $11) 24... hxg4 25. hxg4 Nxg4 {[#]} 26. Bg3 (26. f3 $1 $16 {[%cal Rf3g4]} Ne5 27. Rh1) 26... Rc8 (26... Nf6 $11 {remains equal.}) 27. Rh1 (27. Rbc1 $16) 27... Qf6 $11 28. Qxf6 Nxf6 29. f3 {next Rh4 is good for White.} c3 (29... Nxd5 $1 $11 30. Ba4 Rxe4 31. fxe4 Bxe4+ {[%mdl 64] Double Attack} 32. Kf2 Nb6) 30. Rhd1 $36 {[%mdl 2048] Keeping Black busy.} Nh5 (30... cxb2 $16 31. Rxb2 Ng4) 31. Bxd6 $18 f5 {[#]} (31... Red8 {was necessary.}) 32. e5 $1 Nf4+ 33. Kf2 Nh3+ 34. Kg2 Nf4+ 35. Kh2 Rcd8 $2 (35... Bf7 {might work better.} 36. bxc3 (36. Bxf5 c2 $11 {[%mdl 64] Double Attack}) (36. e6 Nxe6 37. dxe6 Rxe6 $18) 36... Nxd5 37. Bxf5 Rcd8) 36. bxc3 {[%cal Bb2c3,Bc3c4][%mdl 32] White is clearly winning.} Bf7 37. c4 g5 38. Bxf5 Kg7 39. Rd2 Rh8+ 40. Kg1 Rh4 41. Be7 Rdh8 42. Bf6+ {[%mdl 64] Skewer. Accuracy: White = 64%, Black = 23%.} 1-0